| 000 | 00467nam a2200169Ia 4500 | ||
|---|---|---|---|
| 008 | 220216s9999 xx 000 0 und d | ||
| 100 | _aHidayaty K | ||
| 245 | 0 | _ae-Pollution: Database for effluent management in the rubber industry | |
| 260 |
_bRubber Technology Developments _c2012 |
||
| 300 | _a15-17 | ||
| 650 | _aEffluent Management | ||
| 650 | _ae-Pollution | ||
| 650 | _aRubber Industry | ||
| 700 | _aFadhilah I | ||
| 700 | _aZairossani MN | ||
| 942 | _cJS | ||
| 999 |
_c58721 _d58721 |
||